| Tag |
First Indicator |
Second Indicator |
Subfields |
| LEADER |
00000cam a2200000 a 4500 |
| 001 |
in00000636713 |
| 005 |
20151015054106.0 |
| 008 |
811031s1972 ilua j 00000 eng d |
| 020 |
|
|
|a 0673045161
|
| 020 |
|
|
|a 0673045331 (Manual 1)
|
| 020 |
|
|
|a 067304534X (Manual 2)
|
| 020 |
|
|
|a 0673045358 (Manual 3)
|
| 035 |
|
|
|a (OCoLC)07897331
|
| 035 |
|
|
|9 ACU7338AM
|
| 040 |
|
|
|a TXA
|c TXA
|d UtOrBLW
|
| 049 |
|
|
|a [Curr Col] TXAM
|d [
|v =text
|p =manual]
|c 1 [1207545]
|c 2 [1207546]
|p 1 [1207547]
|p 2 [1207548]
|p 3 [1207549]
|
| 090 |
|
|
|a PE1121
|b .P38
|
| 245 |
0 |
0 |
|a Passports, excursions, discoveries /
|c [Ira E. Aaron and others].
|
| 264 |
|
1 |
|a Glenview, Ill. :
|b Scott, Foresman,
|c [1972]
|
| 264 |
|
4 |
|c ©1972
|
| 300 |
|
|
|a 180 pages :
|b color illustrations ;
|c 24 cm.
|
| 336 |
|
|
|a text
|b txt
|2 rdacontent
|
| 337 |
|
|
|a unmediated
|b n
|2 rdamedia
|
| 338 |
|
|
|a volume
|b nc
|2 rdacarrier
|
| 490 |
1 |
|
|a Scott, Foresman reading systems ;
|v level 16-18
|
| 500 |
|
|
|a Accompanied by teachers manuals (3 v. : ill. ; 28 cm.), one for each section.
|
| 500 |
|
|
|a Manuals for sections Excursions and Discoveries: c1973.
|
| 650 |
|
0 |
|a Readers (Elementary)
|
| 700 |
1 |
|
|a Aaron, Ira E.
|
| 740 |
0 |
|
|a Passports.
|
| 740 |
0 |
|
|a Excursions.
|
| 740 |
0 |
|
|a Discoveries.
|
| 830 |
|
0 |
|a Scott, Foresman reading systems ;
|v level 16-18.
|
| 999 |
|
|
|a MARS
|
| 999 |
f |
f |
|s 7440ff38-96d8-3649-9423-0616c5fa695d
|i adc58953-6187-35f7-9732-51382316e020
|t 0
|
| 952 |
f |
f |
|p ric
|a Texas A&M University
|b Rellis Campus
|c Joint Library Facility
|s JLF
|d Remote Storage
|t 0
|e PE1121 .P38
|h Library of Congress classification
|i unmediated -- volume
|k Manual 3
|m A14800235204
|
| 952 |
f |
f |
|p ric
|a Texas A&M University
|b Rellis Campus
|c Joint Library Facility
|s JLF
|d Remote Storage
|t 0
|e PE1121 .P38
|h Library of Congress classification
|i unmediated -- volume
|k Manual 2
|m A14800235199
|
| 952 |
f |
f |
|p ric
|a Texas A&M University
|b Rellis Campus
|c Joint Library Facility
|s JLF
|d Remote Storage
|t 0
|e PE1121 .P38
|h Library of Congress classification
|i unmediated -- volume
|k Manual 1
|m A14800235181
|
| 952 |
f |
f |
|p ric
|a Texas A&M University
|b Rellis Campus
|c Joint Library Facility
|s JLF
|d Remote Storage
|t 0
|e PE1121 .P38
|h Library of Congress classification
|i unmediated -- volume
|k Student ed.
|m A14800235165
|
| 998 |
f |
f |
|a PE1121 .P38
|s Manual 3
|t 0
|l Remote Storage
|
| 998 |
f |
f |
|a PE1121 .P38
|s Student ed.
|t 0
|l Remote Storage
|